000 00441nam a2200181Ia 4500
001 25264
005 20260414151138.0
008 260414t2017||||xx |||||||||||||| ||spa||
041 _aESP
082 _a346.43
_bG74
100 _aGordillo Cañas, Antonio
_eAUT
245 0 _aEl registro declarativo de inmuebles
_b
260 _c2017
300 _a345 páginas :
_c25 cm.
650 _aDER
654 _aCDE
942 _cLIB
_dJUS
_fJUS
_2ddc
_n
999 _c25264
_d25264